Фінансовий менеджмент у банку (Запис № 323462)

МАРК-запис
000 -Лідер
fixed length control field 00625nam a22002417a 4500
001 - Контрольний номер
control field 37287
003 - Ідентифікатор контрольного номера
control field UA-OsUOA
005 - Дата та час останнього входження (трансакції)
control field 20200322201507.0
007 - Фіксоване поле фізичного опису
fixed length control field ta
008 - Елементи даних фіксованої довжини – загальна інформація
fixed length control field 20060301b un ||||| |||| 00| 0 ukr d
020 ## - Міжнародний стандартний книжковий номер (ISBN)
Міжнародний стандартний книжковий номер (ISBN) (НП) 966574626х
040 ## - Джерело каталогізації
Агенція оригінальної каталогізації UA-OsUOA
Мова каталогізації ukr
Агенція, яка здійснювала перезапис UA-OsUOA
Агенція, яка здійснювала модифікацію UA-OsUOA
041 ## - Код мови
Код мови тексту/ звукової доріжки чи окремого заголовка (П) ukr
080 ## - Індекс Універсальної десяткової класифікації
Індекс Універсальної десяткової класифікації (УДК) (НП) 336.71:658
090 ## - Локальний шифр розміщення
Класифікаційний індекс УДК 336.71:658
Авторський знак (НП) П76
100 ## - Основне введення – ім’я особи
Ім’я особи (НП) Примостка Л. О.
245 ## - Відомості про назву
Назва (НП) Фінансовий менеджмент у банку
Решта назви (НП) підручник
260 ## - Публікація, розповсюдження і т.п. (Вихідні дані)
Місце публікації, розповсюдження і т.п. (П) К.
Ім’я/ наймення видавництва, розповсюджувача і т.п. (П) КНЕУ
Дата публікації, розповсюдження і т.п. (П) 2004
300 ## - Фізичний опис
Обсяг 468 с.
650 #7 - Додаткове предметне введення – тематичний термін
Тематичний термін чи географічна назва, як елемент введення (НП) 336 Фінанси
Джерело заголовка чи терміна UDC
942 ## - Додаткові елементи входу (Коха)
Тип елемента Koha Книги
Source of classification or shelving scheme Universal Decimal Classification
955 ## - Код типу видання за змістом
Код типу видання за змістом (НП) Навчальні видання
Фонди
Стан вилучень Стан втрат Джерело класифікації або схеми стелажів Стан уражень Не для кредиту Постійне місце розташування Поточне розміщення Дата придбання Джерело придбання Вартість, звичайна ціна покупки Інвентарний номер Усього замовленно Повний номер виклику Штрих-код Дата останнього перегляду Ціна ефективна від Тип елемента Koha
    Universal Decimal Classification     ЧЗ - Читальна зала ЧЗ - Читальна зала 01/03/2006 16/2006 37.95 95204   336.71:658 П76 95204 07/02/2022 01/03/2006 Книги
Withdrawn   Universal Decimal Classification     ЧЗ - Читальна зала ЧЗ - Читальна зала 01/03/2006 16/2006 37.95 95205   336.71:658 П76 95205 13/07/2019 01/03/2006 Книги
    Universal Decimal Classification     ЧЗ - Читальна зала ЧЗ - Читальна зала 01/03/2006 16/2006 37.95 95206   336.71:658 П76 95206 07/02/2022 01/03/2006 Книги
    Universal Decimal Classification     ЧЗ - Читальна зала ЧЗ - Читальна зала 01/03/2006 16/2006 37.95 95207   336.71:658 П76 95207 07/02/2022 01/03/2006 Книги
    Universal Decimal Classification     ЧЗ - Читальна зала ЧЗ - Читальна зала 01/03/2006 16/2006 37.95 95208   336.71:658 П76 95208 07/02/2022 01/03/2006 Книги